000 00561nam a22002177a 4500
003 OSt
005 20140310183029.0
008 130218t xxu||||| |||| 00| 0 eng d
020 _a9789712345470
050 _aPE1115
_b.F818 2006
082 _aFIL 428.2
_bF84 2006
245 _aEnglish for Occupational Purposes
_cIrmina, Francisco B.
260 _aManila
_bRex Book Store
_c2006
300 _a223 p.
_c22 cm.
521 _acollege students
526 _c1210L-1700L
541 _j1
541 _j2
562 _e2
942 _2lcc
_cBK
_kFIL
999 _c18428
_d18428